000 00248nam a2200097Ia 4500
008 120527s9999 xx 000 0 und d
100 _aWAYLAND, Good
245 _aBrazil.A study of anEconomically developed country
260 _bWayland
942 _cBK
999 _c25644
_d25644